Mercado de Santa Catalina : breve historial con motivo de la celebración de su primer centenario breve historial con motivo de la celebración de su primer centenario
Descripción Física:
24 p. ; 16 cm
MARC
| LEADER | 00000nam a2200000Ia 4500 | ||
|---|---|---|---|
| 001 | 11785 | ||
| 008 | 160829s1948 xx 000 0 cat d | ||
| 080 | |a FU-3-29 | ||
| 100 | |a Mercat de Santa Caterina (Barcelona) |9 47029 | ||
| 245 | |a Mercado de Santa Catalina : |b breve historial con motivo de la celebración de su primer centenario | ||
| 260 | |a Barcelona : |b (Imp. Casa de Caritat), |c 1948 | ||
| 300 | |a 24 p. ; |c 16 cm | ||
| 590 | |a Prové de Q-932, exp. 137. | ||
| 590 | |a Hi ha un duplicat a: DUP-186-96 | ||
| 650 | |a Mercat de Santa Caterina (Barcelona) |x Història |9 47030 | ||
| 856 | 4 | |u https://media.diba.cat/diba/fitxers/arxiu/fulletons/bib_11785_baixa.pdf |y Accés lliure | |
| 856 | 4 | |u https://media.diba.cat/diba/fitxers/arxiu/fulletons/bib_11785_baixa.pdf |y Accés lliure | |
| 901 | |a Arxiu | ||
| 942 | |n 1 |2 udc | ||
| 952 | |0 0 |1 0 |4 0 |6 FU329 |7 1 |9 53608 |a Arxiu |b Arxiu |d 2016-12-01 |l 0 |o FU-3-29 |p 11785 |r 2016-12-01 00:00:00 |w 2016-12-01 |y ARXIU | ||
| 999 | |c 57474 |d 57474 | ||
| 900 | |a bib_11785_baixa.pdf | ||